00836cam a22002654a 4500001000500000005001700005020001500022020001800037040004200055050001400097082001400111100002300125245008300148246003300231260003900264300005000303490001800353500003100371505000800402520005100410521002000461521002000481650004500501650002400546156020231124144315.0 a0531120716 a9780531120712 aDLCcDLCdIG#dBAKERdBTCTAdDLCbeng aRC115.D5300222a616.91 aDiConsiglio, John.10aThere's a fungus among us :btrue stories of killer molds /cJohn DiConsiglio.30aTrue stories of killer molds aNew York :bFranklin Watts,c2008. a64 pages :bcolor illustrations, mapsc24 cm 0 aMedical files a"True-life cases!"--Cover. aR  aLearn about deadly fungi from real-life cases. a710 bLexile  aR bRaz-Plus  0aBacterial diseasesvJuvenile literature. 1aBacterial diseases.